000 01752nam0a2200337 4500
001 RU\NLR\bibl\561043
005 20260405064500.0
010 _a5-09-010930-3
_92000
021 _aRU
_b2004-52417
_92576
035 _a(NLR Aleph) 000553159
090 _a1485358
_c1485358
100 _a20041011d2004 |||y0rusy50 ca
101 0 _arus
_afre
_efre
102 _aRU
105 _aa |||||||||
200 1 _aФранцузский язык
_eСб. упражнений к учеб. для XI кл. шк. с углубл. изучением фр. яз.
_fГ.И. Бубнова, А.Н. Тарасова
210 _aМ.
_cПросвещение
_d2004
215 _a159 с.
_cил.
_d24
300 _aНа обл.: Le français en perspecrive. XI: Cahier d'exercices/ G. Boubnova, A. Tarasova
512 1 _6z01790
_aLe français en perspecrive. XI
_eCahier d'exercices
606 0 _aФранцузский язык
_jУчебные издания для специализированных учебных заведений
_91524672
_3RU\NLR\auth\66964829
686 _aШ147.11-93рус221[9]
700 1 _4070
_8rus
_7ca
_aБубнова
_bГ.И.
_f1945-
_gГалина Ильинична
_3RU\NLR\auth\7722563
_95620
701 1 _4070
_8rus
_7ca
_aТарасова
_bА. Н.
_cд-р филол. наук, французский язык
_gАнна Николаевна
_3RU\NLR\auth\7722566
_95623
790 1 _4070
_8rus
_7ba
_aBubnova
_bG.I.
_f1945-
_gGalina Il'inična
_3RU\NLR\auth\7722564
_95621
790 1 _4070
_8rus
_7ba
_aTarasova
_bA. N.
_cд-р филол. наук, французский язык
_gAnna Nikolaevna
_3RU\NLR\auth\7722567
_95624
801 0 _aRU
_bNLR
_c20041011
_gPSBO
801 1 _aRU
_bNLR
_c20041011
942 _cBOOK
980 _aNB